00829nam a2200217 a 4500001001000000003000900010005001700019008004100036020001500077040002500092082002600117100003500143245013200178260003600310300002100346500002100367500007000388650004700458651006600505700004000571000017765DO-SdBNP20211206122938.0100331s2003 dr 000 0 spa d a9993403768 aDO-SdBNPbspacBNPHU 4a920.729365bP419h2221 aPenzo, Gregorio Elíasd1922-10aHombres y mujeres notables y benefactores de Samaná 1493-1910 /cGregorio Elías Penzo ; prólogo Pedro Bartolomé Benoit. aSanto Domingo :bBúho,c2003. a216 p. ;c23 cm. aIncluye índice aIncluye datos biográficos del autor en la solapa de la cubierta 4aCiudades y pueblos zRepúlica Dominicana 4aSamaná (República Dominicana)xHistoria local y1493-19101 aBenoit, Pedro Bartolomé,epról.